000 00682nam a2200205Ii 4500
003 JO-AjNU
008 230605s9999||||xx |||||||||||||| ||und||
017 _a2014/6/2940
040 _aJO-AjNU
_bara
_erda
_cJO-AjNU
041 _aara
050 1 4 _aPJ7860 2014
100 3 _aتأليف الكسواني، فتحي حامد صباغ,
_eauthor
_948248
245 0 0 _aديوان أنغام وأشجان
264 3 1 _aعمان:دار أمجد للنشر و التوزيع،2014
300 _a94ص
336 _atext
_btxt
_2rdacontent
337 _aunmediated
_bn
_2rdamedia
338 _avolume
_bnc
_2rdacarrier
650 4 _aالشعر العربي - العصر الحديث
_948249
999 _aA21116
_c24684
_d24684